[Event "27th Open"]
[Site "Cappelle la Grande FRA"]
[Date "2011.02.26"]
[Round "1"]
[White "Ambartsumova,K"]
[Black "Kharitonov,Alexandr"]
[Result "0-1"]
[WhiteElo "2332"]
[BlackElo "2552"]
[EventDate "2011.02.26"]

1. e4 c6 2. d4 d5 3. e5 Bf5 4. Nd2 e6 5. Nb3 Nd7 6. Nf3 Bg6 7. Be2 Nh6 8.
O-O Nf5 9. a4 Be7 10. a5 Bh5 11. Ne1 Bxe2 12. Qxe2 h5 13. Nd3 g6 14. Bd2
Rc8 15. Rac1 b5 16. Bb4 Bxb4 17. Nxb4 Qh4 18. c3 c5 19. g3 Qe4 20. Qxb5
cxb4 21. Nc5 Rxc5 22. dxc5 bxc3 23. bxc3 Ke7 24. Qb7 Rb8 25. Qxa7 d4 26. c6
Qxc6 27. cxd4 Ra8 28. Rxc6 Rxa7 29. Ra1 Nxd4 30. Rc4 Nxe5 31. Rc8 Nb3 32.
Ra3 Nxa5 33. Rc5 Nec6 34. Kg2 Kd6 35. Rc1 Rb7 36. h4 Rb5 37. Rd1+ Rd5 38.
Rb1 Kc7 39. Rf3 Rd7 40. Rc3 Nb7 41. Rbc1 Nbd8 42. Ra1 Rd5 43. Kf3 Kd7 44.
Ke3 Re5+ 45. Kd2 Ra5 0-1

[Event "27th Open"]
[Site "Cappelle la Grande FRA"]
[Date "2011.02.26"]
[Round "1"]
[White "Kojima,S"]
[Black "Tikkanen,H"]
[Result "0-1"]
[WhiteElo "2329"]
[BlackElo "2550"]
[EventDate "2011.02.26"]

1. e4 c5 2. c3 Nf6 3. e5 Nd5 4. Nf3 Nc6 5. d4 cxd4 6. cxd4 d6 7. Bc4 e6 8.
O-O Be7 9. exd6 Qxd6 10. Nc3 Nxc3 11. bxc3 O-O 12. Re1 b6 13. Ng5 Na5 14.
Bd3 f5 15. Qe2 Bxg5 16. Bxg5 Bd7 17. Rad1 Rfe8 18. h3 Rac8 19. Bd2 Ba4 20.
Rb1 Qd5 21. Rb4 Bc6 22. f3 Qxa2 23. Bb1 Qd5 24. Bf4 Qd7 25. Ba2 Bd5 26. c4
Bb7 27. c5 Nc6 28. Qb5 a6 29. Qxb6 Nxb4 30. Qxb4 Bd5 31. Bxd5 exd5 32.
Rxe8+ Qxe8 33. Qb7 Qc6 34. Qe7 Qf6 35. Qe3 a5 36. Be5 Qc6 0-1

[Event "27th Open"]
[Site "Cappelle la Grande FRA"]
[Date "2011.02.26"]
[Round "1"]
[White "Mastrovasilis,A"]
[Black "Marechal,A"]
[Result "1-0"]
[WhiteElo "2547"]
[BlackElo "2326"]
[EventDate "2011.02.26"]

1. c4 e5 2. g3 Nf6 3. Bg2 h6 4. Nc3 Bb4 5. e4 Bxc3 6. bxc3 O-O 7. Ne2 d6 8.
O-O Be6 9. d3 c6 10. Rb1 b6 11. f4 Na6 12. h3 Nc5 13. g4 exf4 14. Nxf4 Bd7
15. Rb2 Rc8 16. Rbf2 b5 17. cxb5 cxb5 18. Ne2 Nh7 19. Be3 Qh4 20. Bf4 Qe7
21. Qd2 Na4 22. Qe3 Be6 23. e5 dxe5 24. Bxe5 Rfe8 25. Nd4 Qc5 26. Qg3 Nxc3
27. Kh2 Bd5 28. Nf5 Bxg2 29. Bxg7 Bxf1 30. Bd4 Qc6 31. Qh4 Re6 32. Rxf1 Nd5
33. Qh5 Rf8 34. Rf2 Ne7 35. Qg6+ fxg6 36. Nxh6+ 1-0

[Event "27th Open"]
[Site "Cappelle la Grande FRA"]
[Date "2011.02.26"]
[Round "1"]
[White "Giffard,N"]
[Black "Prohaszka,P2"]
[Result "0-1"]
[WhiteElo "2317"]
[BlackElo "2542"]
[EventDate "2011.02.26"]

1. d4 Nf6 2. c4 e6 3. a3 c5 4. Nf3 cxd4 5. Nxd4 Nc6 6. Nc3 Be7 7. e4 O-O 8.
Nc2 b6 9. Be2 Bb7 10. O-O Rc8 11. f3 Qc7 12. Kh1 Rfd8 13. Ne3 a6 14. b4 a5
15. bxa5 Nxa5 16. Rb1 d6 17. Qd2 Nd7 18. Rd1 Nc5 19. Qc2 Ba6 20. Nb5 Bxb5
21. Rxb5 Nd7 22. Qb1 Nb7 23. f4 Nbc5 24. f5 Rb8 25. fxe6 fxe6 26. Bg4 Ne5
27. Bh3 Kh8 28. Qc2 Qc6 29. Rd4 Rf8 30. Kg1 Bf6 31. Qd1 Nxe4 32. Bxe6 Nc3
0-1

[Event "27th Open"]
[Site "Cappelle la Grande FRA"]
[Date "2011.02.26"]
[Round "1"]
[White "Maiorov,N1"]
[Black "Rodriguez Lopez,Ra"]
[Result "0-1"]
[WhiteElo "2540"]
[BlackElo "2317"]
[EventDate "2011.02.26"]

1. d4 Nf6 2. c4 e6 3. Nc3 c5 4. d5 exd5 5. cxd5 d6 6. Nf3 g6 7. g3 Bg7 8.
Bg2 O-O 9. O-O Nbd7 10. Bf4 Qe7 11. h3 a6 12. a4 h6 13. Qc1 g5 14. Bd2 Nh7
15. a5 b5 16. axb6 Nxb6 17. h4 Nc4 18. Be1 Re8 19. b3 Ne5 20. Bd2 Nxf3+ 21.
exf3 Bf5 22. Ra4 gxh4 23. Re1 Qf6 24. Rxe8+ Rxe8 25. Rxa6 hxg3 26. fxg3 Qg6
27. g4 Bd3 28. Ra4 Bd4+ 29. Rxd4 cxd4 30. Nd1 Ng5 31. Nf2 Be2 32. f4 Nf3+
33. Bxf3 Bxf3 34. f5 Qf6 35. Qc6 Re2 36. g5 hxg5 37. Bb4 Qe5 38. Qc8+ Kh7
0-1

[Event "27th Open"]
[Site "Cappelle la Grande FRA"]
[Date "2011.02.26"]
[Round "1"]
[White "Collas,S"]
[Black "Vovk,Y"]
[Result "1/2-1/2"]
[WhiteElo "2311"]
[BlackElo "2539"]
[EventDate "2011.02.26"]

1. d4 Nf6 2. c4 g6 3. Nc3 Bg7 4. Nf3 O-O 5. Bg5 c5 6. d5 b5 7. cxb5 a6 8.
e3 h6 9. Bh4 Bb7 10. d6 axb5 11. Bxb5 exd6 12. Qxd6 Bxf3 13. gxf3 Ne4 14.
Nxe4 Qa5+ 15. Qd2 Qxb5 16. Bf6 Ra6 17. Bxg7 Kxg7 18. Qc3+ f6 19. Qxc5 Qxb2
20. O-O Rxa2 21. Rab1 Qa3 22. Qxa3 1/2-1/2

[Event "27th Open"]
[Site "Cappelle la Grande FRA"]
[Date "2011.02.26"]
[Round "1"]
[White "Berczes,D"]
[Black "Nikolova,A"]
[Result "1-0"]
[WhiteElo "2535"]
[BlackElo "2311"]
[EventDate "2011.02.26"]

1. Nf3 Nf6 2. g3 b5 3. Na3 b4 4. Nc4 Bb7 5. Bg2 c5 6. d3 e6 7. e4 d5 8.
Nce5 h6 9. exd5 Bxd5 10. c4 bxc3 11. bxc3 Bd6 12. Qa4+ Nbd7 13. Nc4 Bc7 14.
Ne3 O-O 15. Nxd5 Nxd5 16. Bd2 Ne5 17. Nxe5 Bxe5 18. Rc1 Qf6 19. Qc4 Rad8
20. O-O Nb6 21. Qa6 Qe7 22. Rfe1 Bf6 23. a4 Rd7 24. a5 Nd5 25. Qc4 Rfd8 26.
Rb1 Qd6 27. Rb3 Be7 28. Bc1 Nf6 29. Rd1 Qe5 30. Rb2 Qh5 31. Rbd2 Ng4 32. h3
Ne5 33. Qe4 Nxd3 34. Rxd3 Qxd1+ 35. Rxd1 Rxd1+ 36. Kh2 Rxc1 37. Qb7 Bf6 38.
Qxa7 Rd2 39. a6 Ra2 40. Qb8+ Kh7 41. Be4+ g6 42. Qf4 Kg7 43. Qxc1 Rxa6 44.
Qb2 Ra4 45. Bd3 Ra8 46. Kg2 Rd8 47. Be2 Bg5 48. h4 Bf6 49. h5 g5 50. Bc4
Rd6 51. Qc2 Rb6 52. Kf1 Kf8 53. Ke2 Bg7 54. g4 Be5 55. f3 Kg7 56. Ba2 Kf8
57. Kd3 Ra6 58. Kc4 Ra5 59. Bb3 Kg7 60. Qe4 Bf6 61. Bc2 Kf8 62. Qb7 Ra3 63.
Bb3 Ra1 64. Qc8+ Kg7 65. Qxc5 Re1 66. Qf2 Rc1 67. Qe3 Rf1 68. Bc2 Ra1 69.
Qd3 Kf8 70. Qd6+ Kg7 71. Qc7 Ra3 72. Kb4 Ra8 73. Bg6 Rf8 74. c4 Kg8 75. Be4
Rd8 76. c5 Rd4+ 77. Kb5 Rd2 78. Bg6 Rb2+ 79. Kc6 1-0

[Event "27th Open"]
[Site "Cappelle la Grande FRA"]
[Date "2011.02.26"]
[Round "1"]
[White "Valuet,B"]
[Black "Petrov,Marij"]
[Result "0-1"]
[WhiteElo "2307"]
[BlackElo "2535"]
[EventDate "2011.02.26"]

1. d4 g6 2. e4 Bg7 3. Nc3 d6 4. Be3 Nf6 5. Qd2 c6 6. Bh6 O-O 7. h4 e5 8.
Nf3 exd4 9. Nxd4 Re8 10. O-O-O Bh8 11. h5 Nxh5 12. Be2 Nf6 13. Qf4 Qe7 14.
Bg5 Nbd7 15. Qh4 Bg7 16. f3 Qf8 17. g4 h6 18. Be3 Nh7 19. Rdg1 Qe7 20. g5
Nxg5 21. Nf5 gxf5 22. Bxg5 hxg5 23. Rxg5 Qxg5+ 24. Qxg5 f6 25. Qg6 Kf8 26.
Rh7 Re7 27. f4 b5 28. exf5 d5 29. Bf3 Bb7 30. Ne2 Kg8 31. Rh2 Nf8 32. Qg1
Rae8 33. Bh5 Rd8 34. Qc5 Re4 35. Qxa7 Rd7 36. Qb8 d4 37. Ng3 Re3 38. Ne2 c5
39. Kd2 b4 40. a3 bxa3 41. bxa3 Rxa3 42. Qe8 Ra8 43. Bf7+ Rxf7 44. Qb5 Rc8
45. Qc4 Nd7 46. Nc1 Nb6 47. Qb5 Nd5 48. Nb3 Nxf4 49. Nxc5 Rfc7 50. Qc4+ Nd5
51. Qb3 Rxc5 52. Qxb7 Rxc2+ 53. Ke1 Re8+ 54. Kf1 Ne3+ 55. Kg1 Rc1+ 56. Kf2
Ng4+ 57. Kg3 Nxh2 58. Qb3+ Kh8 0-1

[Event "27th Open"]
[Site "Cappelle la Grande FRA"]
[Date "2011.02.26"]
[Round "1"]
[White "Robin,S"]
[Black "Kanep,M"]
[Result "0-1"]
[WhiteElo "2306"]
[BlackElo "2531"]
[EventDate "2011.02.26"]

1. e4 c5 2. Nf3 Nc6 3. d4 cxd4 4. Nxd4 Qb6 5. Nb3 Nf6 6. Nc3 e6 7. Be3 Qc7
8. a3 a6 9. f4 d6 10. Be2 b5 11. O-O Be7 12. Bf3 Bb7 13. Qe2 O-O 14. g4 Nd7
15. g5 Rfe8 16. h4 Nb6 17. Rad1 Bf8 18. h5 Nc4 19. Bc1 a5 20. a4 bxa4 21.
Qxc4 axb3 22. Qxb3 Nb4 23. Rf2 d5 24. Be3 a4 25. Nxa4 dxe4 26. Be2 Nd5 27.
Bd4 e3 0-1

[Event "27th Open"]
[Site "Cappelle la Grande FRA"]
[Date "2011.02.26"]
[Round "1"]
[White "Vul,A"]
[Black "Mekhitarian,K"]
[Result "0-1"]
[WhiteElo "2301"]
[BlackElo "2528"]
[EventDate "2011.02.26"]

1. Nf3 c5 2. c4 Nc6 3. d4 cxd4 4. Nxd4 Qb6 5. Nc2 e6 6. Nc3 Nf6 7. e3 Be7
8. Be2 O-O 9. O-O a6 10. b3 Qc7 11. Bb2 d6 12. Nd4 Nb8 13. Rc1 b6 14. Bf3
Ra7 15. Qe2 Bb7 16. Bxb7 Rxb7 17. f4 Nc6 18. f5 Qd7 19. Nxc6 Qxc6 20. e4
Re8 21. Kh1 Bf8 22. Qf3 exf5 23. exf5 Qxf3 24. Rxf3 b5 25. Nd5 Nxd5 26.
cxd5 Re2 27. Bd4 f6 28. Rf2 Rc7 29. Rxe2 Rxc1+ 30. Bg1 Rd1 31. Rc2 Rxd5 32.
Rc6 Rxf5 33. Rxa6 b4 34. g4 Rf1 35. Kg2 Rd1 36. Be3 d5 37. Ra8 Kf7 38. Kf3
Rd3 39. Ke2 Rc3 40. h4 Bc5 41. Bxc5 Rxc5 42. Ra7+ Kg6 43. Rb7 Ra5 44. h5+
Kh6 45. Rxb4 Rxa2+ 46. Kf3 Rb2 47. Kf4 Rf2+ 48. Kg3 Rd2 49. Kf4 Rd3 50. Rb6
Rd4+ 51. Kf5 Rd1 52. g5+ Kxh5 53. gxf6 Rf1+ 54. Ke5 gxf6+ 55. Kxd5 Kg4 56.
Rb7 h5 57. Rg7+ Kf5 58. b4 Rd1+ 59. Kc6 Rc1+ 60. Kb6 Rc8 61. b5 Rh8 62. Ka7
h4 63. b6 h3 64. Rg1 h2 65. Rh1 Kg4 66. b7 Kf3 67. Rb1 h1=Q 68. b8=Q Rxb8
69. Rxh1 Rb2 70. Rf1+ Rf2 71. Rc1 f5 72. Kb6 f4 73. Kc5 Rd2 74. Kc4 Kg2 75.
Kc3 Rd7 76. Ra1 f3 77. Ra8 Rg7 0-1

[Event "27th Open"]
[Site "Cappelle la Grande FRA"]
[Date "2011.02.26"]
[Round "1"]
[White "Vovk,A"]
[Black "Maeurer,C"]
[Result "1-0"]
[WhiteElo "2528"]
[BlackElo "2301"]
[EventDate "2011.02.26"]

1. e4 e6 2. d4 d5 3. Nd2 Nf6 4. e5 Nfd7 5. c3 c5 6. Bd3 Nc6 7. Ne2 cxd4 8.
cxd4 Qb6 9. Nf3 f6 10. exf6 Nxf6 11. O-O Bd6 12. Nc3 Bd7 13. Bg5 O-O 14.
Qd2 Rae8 15. Rac1 a6 16. Rfe1 Qa7 17. h3 Nh5 18. Qc2 Nxd4 19. Nxd4 Qxd4 20.
Bxh7+ Kh8 21. Bg6 Nf4 22. Bxe8 Bxe8 23. Rcd1 Qb6 24. Bxf4 Bxf4 25. Qe2 Bf7
26. Rd3 Bb8 27. Rf3 Qd6 28. g3 e5 29. Rd1 e4 30. Nxe4 Qe6 31. Nc3 Qxh3 32.
Rxf7 Rxf7 33. Qe8+ Kh7 34. Qxf7 Bxg3 35. fxg3 Qxg3+ 36. Kf1 Qh3+ 37. Ke2
Qg2+ 38. Qf2 1-0

[Event "27th Open"]
[Site "Cappelle la Grande FRA"]
[Date "2011.02.26"]
[Round "1"]
[White "Boric,E"]
[Black "Kiselev,Vit2"]
[Result "1/2-1/2"]
[WhiteElo "2297"]
[BlackElo "2526"]
[EventDate "2011.02.26"]

1. e4 e5 2. Nf3 d6 3. d4 exd4 4. Nxd4 Nf6 5. Nc3 Be7 6. Bc4 O-O 7. O-O Re8
8. Re1 Nbd7 9. Bg5 h6 10. Bh4 Ne5 11. Bb3 c6 12. Bg3 Bf8 13. h3 a5 14. a4
Qb6 15. Kh1 Ned7 16. f4 Nc5 17. e5 Nxb3 18. Nxb3 dxe5 19. fxe5 Nd5 20. Nxd5
cxd5 21. Qxd5 Be6 22. Qf3 Rac8 23. Bf2 Qb4 24. Nd4 Qxb2 25. Rab1 Qa2 26.
Qxb7 Qxa4 27. Ra1 Qb4 28. Qa6 Bc4 29. Qa7 Bc5 30. Qxa5 Qxa5 31. Rxa5 Bb4
32. Rea1 Bxa5 33. Rxa5 Ra8 34. Rc5 Rec8 35. Nc6 Be6 36. Ne7+ Kf8 37. Nxc8
Rxc8 38. Rxc8+ 1/2-1/2

[Event "27th Open"]
[Site "Cappelle la Grande FRA"]
[Date "2011.02.26"]
[Round "1"]
[White "Teske,H"]
[Black "Kostiuk,T"]
[Result "1-0"]
[WhiteElo "2520"]
[BlackElo "2295"]
[EventDate "2011.02.26"]

1. Nf3 Nf6 2. c4 g6 3. Nc3 Bg7 4. g3 d6 5. d4 O-O 6. Bg2 Nc6 7. O-O e5 8.
d5 Ne7 9. c5 Ne8 10. cxd6 cxd6 11. e4 f5 12. exf5 gxf5 13. a4 Nf6 14. a5
Bd7 15. Qb3 Rb8 16. Be3 b6 17. axb6 axb6 18. Nxe5 dxe5 19. d6+ Kh8 20. dxe7
Qxe7 21. Ra7 Qe6 22. Qxe6 Bxe6 23. Rd1 b5 24. Rd6 Bc4 25. Bh3 b4 26. Nb1
Rbd8 27. Rxd8 Rxd8 28. Bxf5 Rd1+ 29. Kg2 1-0

[Event "27th Open"]
[Site "Cappelle la Grande FRA"]
[Date "2011.02.26"]
[Round "1"]
[White "Klinova,M"]
[Black "Harika,D"]
[Result "1/2-1/2"]
[WhiteElo "2295"]
[BlackElo "2520"]
[EventDate "2011.02.26"]

1. e4 e5 2. Nf3 Nc6 3. Bc4 Bc5 4. d3 Nf6 5. O-O O-O 6. Nbd2 a6 7. c3 Ba7 8.
Bb3 d6 9. h3 Be6 10. Re1 Bxb3 11. axb3 h6 12. Nf1 Nh5 13. g4 Nf4 14. Bxf4
exf4 15. d4 Ne7 16. b4 Ng6 17. Qd3 c6 18. N3d2 Re8 19. Nc4 Bb8 20. d5 Bc7
21. dxc6 bxc6 1/2-1/2

[Event "27th Open"]
[Site "Cappelle la Grande FRA"]
[Date "2011.02.26"]
[Round "1"]
[White "Shneider,Alek"]
[Black "Duijker,R"]
[Result "1-0"]
[WhiteElo "2518"]
[BlackElo "2295"]
[EventDate "2011.02.26"]

1. d4 Nf6 2. c4 e6 3. Nf3 Bb4+ 4. Bd2 Qe7 5. g3 O-O 6. Bg2 Nc6 7. O-O Bxd2
8. Qxd2 d6 9. Nc3 e5 10. Nd5 Nxd5 11. cxd5 Nxd4 12. Nxd4 exd4 13. Rfc1 Bf5
14. Rc4 Be4 15. Rxd4 Bxg2 16. Kxg2 Rae8 17. e3 f5 18. Rc1 Rf7 19. Rdc4 Qd8
20. Qc3 Ree7 21. Qb3 b6 22. Qd3 a5 23. a3 g6 24. h4 h5 25. Rc6 Qf8 26. R1c4
Qg7 27. Rd4 Kh7 28. Qc2 Qe5 29. Kh2 Kh6 30. b4 axb4 31. axb4 Qf6 32. Rdc4
Qg7 33. b5 Kh7 34. Ra4 Qe5 35. Ra7 Qg7 36. Qc1 Kg8 37. Ra8+ Rf8 38. Ra4 Kh7
39. Ra7 Rff7 40. Ra8 Qe5 41. Qc4 Qb2 42. Kg2 Qe5 43. Rc8 Kh6 44. Qf4+ Qxf4
45. gxf4 Kg7 46. Kf3 Kf6 47. Ke2 Kg7 48. f3 Kf6 49. Kd3 Kg7 50. Kd4 Kh6 51.
Rc2 Kg7 52. Rc1 Rd7 53. Ra1 Rf8 54. Rxf8 Kxf8 55. Ra8+ Kg7 56. e4 fxe4 57.
fxe4 Rf7 58. Rc8 Kh6 59. Ke3 Re7 60. Rh8+ Kg7 61. Ra8 Kh7 62. Ra7 Kh6 63.
e5 dxe5 64. d6 exf4+ 65. Kxf4 Re1 66. dxc7 Rc1 67. Rb7 Rc5 68. Ke4 Rc1 69.
Kd5 Rc2 70. Kd6 g5 71. Rxb6 gxh4 72. Rc6 Rd2+ 73. Ke5+ Kg5 74. c8=Q Rd3 75.
Qg8+ 1-0

[Event "27th Open"]
[Site "Cappelle la Grande FRA"]
[Date "2011.02.26"]
[Round "1"]
[White "Daulyte,D"]
[Black "Vera Gonzalez Quevedo,R"]
[Result "0-1"]
[WhiteElo "2293"]
[BlackElo "2518"]
[EventDate "2011.02.26"]

1. e4 c5 2. Nf3 d6 3. d4 cxd4 4. Nxd4 Nf6 5. Nc3 a6 6. Bg5 Nbd7 7. f4 Qc7
8. Qe2 e6 9. O-O-O Be7 10. g4 b5 11. a3 Bb7 12. Bg2 Rc8 13. Bh4 Qc5 14. Qd2
b4 15. axb4 Qxb4 16. g5 Nb6 17. Nb3 Nxe4 18. Nxe4 Qxb3 19. Kb1 Bxe4 20.
Bxe4 Qa4 21. Rhe1 d5 22. Bd3 Nc4 23. Bxc4 Rxc4 24. Bg3 O-O 25. Re2 Rb8 26.
Qd3 Rcb4 27. c3 Rb3 28. Qd4 Qb5 29. Rdd2 Ba3 30. Qf2 Rxc3 31. f5 Rbc8 32.
fxe6 fxe6 33. Rd1 Qb3 34. Rde1 Rd3 35. Rxe6 Rd1+ 36. Rxd1 Qxd1+ 37. Ka2 Bf8
38. Re1 Qa4+ 39. Kb1 Re8 40. Rf1 Qe4+ 41. Ka1 Qa4+ 42. Kb1 Qd7 43. Be5 Bb4
44. Qd4 a5 45. Ka1 Qa4+ 46. Kb1 Qd7 47. Ka1 Rc8 48. Rd1 Rc5 49. Qd3 Qc6 50.
Kb1 Qe6 51. Bd4 Rc4 52. Ka1 Qe4 53. Be3 Qxd3 54. Rxd3 Re4 55. Bd2 Bxd2 56.
Rxd2 d4 57. Ka2 Kf7 58. Kb3 Ke6 59. Kc4 Ke5 60. Rf2 Rg4 61. Re2+ Kf4 62.
Kxd4 Kf3+ 63. Kd3 Rxg5 64. Re7 h5 65. Rf7+ Kg2 66. h4 Rg3+ 67. Ke4 g5 68.
hxg5 Rxg5 69. Kf4 Rb5 70. Rh7 Kf2 71. Rh8 Rxb2 72. Kg5 Rb5+ 73. Kh4 Ke3 74.
Rd8 Ke4 75. Rd7 Rd5 76. Rc7 Kd4 77. Rc8 Rc5 78. Ra8 Kc3 79. Ra7 Kb4 80.
Rb7+ Rb5 81. Rf7 a4 82. Rf4+ Ka5 83. Rf3 Rc5 84. Rf8 a3 85. Ra8+ Kb4 86.
Rb8+ Rb5 87. Ra8 Kb3 88. Rf8 a2 89. Rf1 Kb2 90. Rf2+ Ka3 0-1

[Event "27th Open"]
[Site "Cappelle la Grande FRA"]
[Date "2011.02.26"]
[Round "1"]
[White "Szabo,Krisz1"]
[Black "Tate,A"]
[Result "0-1"]
[WhiteElo "2517"]
[BlackElo "2292"]
[EventDate "2011.02.26"]

1. e4 c5 2. Nf3 d6 3. d4 Nf6 4. Nc3 cxd4 5. Nxd4 a6 6. Be3 e5 7. Nb3 Be6 8.
f3 h5 9. Be2 Nbd7 10. O-O Rc8 11. a4 Nb6 12. a5 Nc4 13. Bxc4 Bxc4 14. Rf2
Be7 15. Rd2 O-O 16. Nc1 Qc7 17. N1e2 Rfe8 18. Ng3 g6 19. Nf1 Qc6 20. Bf2
Bxf1 21. Qxf1 Red8 22. Qd3 Rd7 23. Be3 Bd8 24. Kh1 Kg7 25. Rdd1 Ng8 26. f4
Nf6 27. f5 Qc4 28. fxg6 fxg6 29. Ra4 Qxd3 30. Rxd3 Be7 31. h3 Kf7 32. Bg5
Ng8 33. Bd2 Nf6 34. Ra1 Rc4 35. b3 Rd4 36. Bg5 Rxd3 37. cxd3 Ng8 38. Be3
Nf6 39. Rf1 Ke6 40. d4 d5 41. dxe5 Nxe4 42. Ne2 Kxe5 43. Rf7 Nd6 44. Bf4+
Ke6 45. Rg7 Kf6 46. Rh7 Nf7 47. Be3 Bd6 48. Kg1 Be5 49. Nd4 Re7 50. Nf3
Bh2+ 51. Kf2 Bg3+ 52. Kxg3 Rxe3 53. b4 Rb3 54. Kf2 Rxb4 55. g4 hxg4 56.
hxg4 Rf4 0-1

[Event "27th Open"]
[Site "Cappelle la Grande FRA"]
[Date "2011.02.26"]
[Round "1"]
[White "Nemcova,Kat"]
[Black "Jojua,D"]
[Result "1/2-1/2"]
[WhiteElo "2289"]
[BlackElo "2515"]
[EventDate "2011.02.26"]

1. e4 c5 2. Nf3 e6 3. d4 cxd4 4. Nxd4 a6 5. Nc3 b5 6. Bd3 d6 7. O-O Nf6 8.
Qe2 Nbd7 9. a4 bxa4 10. Rxa4 Nc5 11. Bb5+ Bd7 12. Bxd7+ Qxd7 13. Ra5 Qb7
14. e5 dxe5 15. Qxe5 Ncd7 16. Qe2 Bb4 17. Rg5 O-O 18. Rg3 Rfc8 19. Bh6 Bf8
20. Bc1 Nc5 21. Re1 g6 22. Nf3 Bg7 23. Ne5 Nd5 24. Rf3 f5 25. Nxd5 exd5 26.
Re3 Ne4 27. Nf3 Qc6 28. c3 d4 29. cxd4 Qxc1 30. Rxc1 Rxc1+ 31. Ne1 Bxd4 32.
Rxe4 fxe4 33. Qxe4 Rf8 34. Qd5+ Rf7 35. Qd8+ Rf8 36. Qd5+ 1/2-1/2

[Event "27th Open"]
[Site "Cappelle la Grande FRA"]
[Date "2011.02.26"]
[Round "1"]
[White "Gajic,Ml"]
[Black "Ipatov,A ESP"]
[Result "0-1"]
[WhiteElo "2287"]
[BlackElo "2512"]
[EventDate "2011.02.26"]

1. e4 c6 2. Nf3 g6 3. d4 Na6 4. Nc3 Nc7 5. Bf4 Bg7 6. Qd2 d6 7. h3 b5 8.
Bd3 a5 9. a3 Nf6 10. O-O O-O 11. Rfe1 Nd7 12. e5 dxe5 13. Nxe5 Bb7 14. Rad1
Ne6 15. Nxd7 Qxd7 16. Be5 Rfd8 17. Bxg7 Kxg7 18. d5 cxd5 19. Bxb5 Qc7 20.
Ne2 d4 21. c3 Rd5 22. a4 d3 23. Bxd3 Rad8 24. Qc2 Qc6 25. f3 Qb6+ 26. Kh1
Qd6 27. Nd4 Nxd4 28. cxd4 Rxd4 29. Be2 Qb4 30. Bb5 e6 0-1

[Event "27th Open"]
[Site "Cappelle la Grande FRA"]
[Date "2011.02.26"]
[Round "1"]
[White "Hasangatin,R"]
[Black "Grandadam,N"]
[Result "1-0"]
[WhiteElo "2508"]
[BlackElo "2286"]
[EventDate "2011.02.26"]

1. d4 d5 2. Bg5 h6 3. Bh4 c6 4. Nc3 Qb6 5. Rb1 Bf5 6. e3 e6 7. Bd3 Bxd3 8.
cxd3 Be7 9. Bg3 Nd7 10. Nf3 Ngf6 11. O-O O-O 12. b4 a5 13. b5 c5 14. Na4
Qa7 15. Qb3 Rfc8 16. Rfc1 cxd4 17. exd4 Ne8 18. b6 Qa6 19. Ne5 Nxe5 20.
Bxe5 Rxc1+ 21. Rxc1 Rd8 22. h3 Qa8 23. Rc7 Bd6 24. Bxd6 Rxd6 25. Rc5 Rd8
26. Qc3 Qb8 27. Rc7 Qa8 28. Rc5 Qb8 29. g3 h5 30. h4 g5 31. Qd2 gxh4 32.
Qg5+ Ng7 33. Qxh4 Qd6 34. Rc7 Rd7 35. Qf4 Qe7 36. Nc5 1-0

[Event "27th Open"]
[Site "Cappelle la Grande FRA"]
[Date "2011.02.26"]
[Round "1"]
[White "Videnova,I"]
[Black "Petkov,V"]
[Result "1/2-1/2"]
[WhiteElo "2284"]
[BlackElo "2506"]
[EventDate "2011.02.26"]

1. e4 e5 2. Nf3 Nc6 3. Bc4 Nf6 4. d3 Bc5 5. O-O O-O 6. Bg5 d6 7. h3 Na5 8.
Bb3 Nxb3 9. axb3 h6 10. Be3 Bxe3 11. fxe3 Nh7 12. Nc3 c6 13. Kh1 Ng5 14.
Nxg5 Qxg5 15. Qe2 f5 16. exf5 Bxf5 17. Rf3 Bg6 18. Raf1 Rxf3 19. Qxf3 Qe7
20. Kh2 Rf8 21. Qxf8+ Qxf8 22. Rxf8+ Kxf8 1/2-1/2

[Event "27th Open"]
[Site "Cappelle la Grande FRA"]
[Date "2011.02.26"]
[Round "1"]
[White "Naumkin,I"]
[Black "Lorscheid,G"]
[Result "1-0"]
[WhiteElo "2499"]
[BlackElo "2281"]
[EventDate "2011.02.26"]

1. d4 d5 2. c4 c6 3. Nf3 Nf6 4. Nc3 a6 5. Ne5 e6 6. Bf4 Nbd7 7. e3 Bb4 8.
Bd3 dxc4 9. Nxc4 Nd5 10. O-O Nxf4 11. exf4 O-O 12. Ne4 Be7 13. Qc2 g6 14.
Rad1 Nf6 15. Ne5 Nd5 16. Qc1 Qc7 17. Bb1 f6 18. Nd3 b6 19. Rfe1 Bb7 20. a3
Kg7 21. Ng3 Qd7 22. Re2 Bd6 23. Rde1 Rfe8 24. h4 a5 25. Ne4 Bc7 26. h5 Ba6
27. g3 gxh5 28. Qc2 Kh8 29. Ba2 Qg7 30. f5 exf5 31. Nc3 Rxe2 32. Qxe2 Nf4
33. Qe8+ 1-0

[Event "27th Open"]
[Site "Cappelle la Grande FRA"]
[Date "2011.02.26"]
[Round "1"]
[White "Plukkel,S"]
[Black "Sulashvili,M"]
[Result "1-0"]
[WhiteElo "2276"]
[BlackElo "2497"]
[EventDate "2011.02.26"]

1. e4 c6 2. d4 d5 3. e5 Bf5 4. Nc3 Qb6 5. Nge2 Bd7 6. Be3 e6 7. a3 Qxb2 8.
Rb1 Qxa3 9. Rxb7 Bc8 10. Qb1 Nd7 11. Rb3 Qa5 12. Bd2 Qc7 13. Nf4 Ne7 14.
Bd3 Ng6 15. Nh5 a6 16. Na4 c5 17. Nxc5 Nxc5 18. dxc5 Qxe5+ 19. Be2 Bxc5 20.
f4 Qe4 21. Nxg7+ Kf8 22. Nh5 Nh4 23. Rf1 Nxg2+ 24. Kd1 Qa4 25. f5 Ke7 26.
Bg5+ Kd6 27. Bf3 Rg8 28. Bd2 Qd4 29. Rd3 Qh4 30. Qb3 Ke7 31. f6+ Kf8 32.
Bh6+ Ke8 33. Ng7+ Kd7 34. Rxd5+ exd5 35. Qxd5+ Bd6 36. Qc6+ Kd8 37. Qxd6+
Bd7 38. Qb6+ 1-0

[Event "27th Open"]
[Site "Cappelle la Grande FRA"]
[Date "2011.02.26"]
[Round "1"]
[White "Djukic,Ni"]
[Black "Ten Hertog,H"]
[Result "1-0"]
[WhiteElo "2494"]
[BlackElo "2272"]
[EventDate "2011.02.26"]

1. e4 c5 2. Nf3 d6 3. d4 cxd4 4. Nxd4 Nf6 5. Nc3 a6 6. Be3 e6 7. g4 h6 8.
Bg2 Nc6 9. h3 Ne5 10. Qe2 g5 11. f4 gxf4 12. Bxf4 Ng6 13. Bg3 h5 14. O-O-O
h4 15. Bh2 Nd7 16. Kb1 Nde5 17. Nf5 f6 18. Rd2 Rh7 19. Rhd1 exf5 20. exf5
Nh8 21. g5 Bxf5 22. Nd5 Rf7 23. Qh5 Nhg6 24. Nxf6+ Ke7 25. Bd5 Rg7 26. Be4
Bxe4 27. Nxe4 Ke6 28. Nc5+ Ke7 29. Nxb7 Qb6 30. Nxd6 Ke6 31. Nc4 Nxc4 32.
Qg4+ Kf7 33. Qxc4+ Ke8 34. Qe4+ 1-0

[Event "27th Open"]
[Site "Cappelle la Grande FRA"]
[Date "2011.02.26"]
[Round "1"]
[White "Jablonski,N"]
[Black "Brynell,S"]
[Result "0-1"]
[WhiteElo "2266"]
[BlackElo "2492"]
[EventDate "2011.02.26"]

1. e4 e6 2. d4 d5 3. Nc3 Bb4 4. e5 Ne7 5. Nf3 b6 6. Bb5+ c6 7. Bd3 Ba6 8.
O-O Bxd3 9. Qxd3 Bxc3 10. bxc3 c5 11. a4 Nd7 12. c4 dxc4 13. Qxc4 O-O 14.
Bg5 h6 15. Bh4 cxd4 16. Rfd1 Qe8 17. Qxd4 Nc5 18. Bxe7 Qxe7 19. Qf4 Rfd8
20. Nd4 Qg5 21. Qxg5 hxg5 22. a5 bxa5 23. Rxa5 Rd5 24. Rda1 Rad8 25. Kf1
Ne4 26. Rxd5 Rxd5 27. Nb3 Nc3 28. f3 Rxe5 29. Rxa7 Re2 30. Nd4 Rd2 31. Ra3
Nd5 32. Rd3 Rxd3 33. cxd3 Nf4 34. g3 Nxd3 35. Ke2 Nc5 36. Ke3 Kh7 37. Nc6
Nd7 38. Ke4 Nf6+ 39. Ke3 Nd5+ 40. Ke4 Kg6 41. h3 Kf6 42. f4 gxf4 43. gxf4
Ne7 44. Ne5 Nf5 45. Nc6 Nd6+ 46. Kf3 Nc4 47. Ke4 Kg6 48. Kd4 Nb6 49. Ke4
Nd7 50. Ne7+ Kh5 51. f5 e5 52. Kd5 Kg5 53. Kd6 e4 54. Kxd7 e3 55. f6 g6 56.
Nc6 Kxf6 57. Nd4 Ke5 0-1

[Event "27th Open"]
[Site "Cappelle la Grande FRA"]
[Date "2011.02.26"]
[Round "1"]
[White "Lalic,B"]
[Black "Dubreuil,J"]
[Result "1/2-1/2"]
[WhiteElo "2491"]
[BlackElo "2264"]
[EventDate "2011.02.26"]

1. Nf3 d5 2. c4 d4 3. c5 Nc6 4. Qa4 Bd7 5. Nxd4 e5 6. Nxc6 Bxc6 7. Qc2 Qd4
8. e3 Qxc5 9. Nc3 Nf6 10. a3 a6 11. b4 Qd6 12. Bb2 Qd7 13. O-O-O Bd6 14. d4
exd4 15. exd4 Nd5 16. Bd3 Nxc3 17. Bxc3 Bd5 18. Rhe1+ Kf8 19. Be4 c6 20.
Kb2 1/2-1/2

[Event "27th Open"]
[Site "Cappelle la Grande FRA"]
[Date "2011.02.26"]
[Round "1"]
[White "Laurent,Ju"]
[Black "Matjushin,G"]
[Result "0-1"]
[WhiteElo "2260"]
[BlackElo "2490"]
[EventDate "2011.02.26"]

1. c4 e5 2. g3 Nc6 3. Bg2 Nf6 4. Nc3 Bc5 5. e3 a6 6. Nge2 Ba7 7. d4 d6 8.
O-O O-O 9. b3 Rb8 10. Bb2 Bd7 11. Nd5 Re8 12. Qd2 Bg4 13. Nec3 exd4 14.
Nxf6+ Qxf6 15. Nd5 Qh6 16. Rae1 Rbc8 17. Qc1 dxe3 18. fxe3 Ne5 19. Qc3 Bh3
20. Bxh3 Qxh3 21. Qd2 c6 22. Nf4 Qg4 23. Kg2 Rcd8 24. Bd4 Bb8 25. h3 Qg5
26. Qf2 Rd7 27. e4 Qe7 28. Re2 b5 29. cxb5 axb5 30. a4 bxa4 31. bxa4 Ba7
32. Ra1 Ra8 33. a5 h6 34. a6 Qf6 35. Ra4 Bxd4 36. Qxd4 g5 37. Rf2 gxf4 38.
gxf4 Qg7+ 39. Kh2 Kh7 40. fxe5 Rg8 0-1